000 01003nam a2200253 a 4500
001 000038932
003 DO-SdBPM
005 20250113103310.0
007 ta
008 130506s2013 dr ac 000 0 spa d
020 _a9789993431459
040 _aDO-SdBPM
_bspa
_cBPMSU
082 _a320.9869
_bA385a 2013
_222
245 0 0 _aAlfaro y Amapala :
_bpacto político y reservado y carta de Eloy Alfaro a Máximo Gómez ; presentación Carlos López Damm ; prólogo Diómedes Núñez Polanco.
260 _asanto Domingo :
_bBiblioteca Nacional Pedro Henríquez Ureña,
_c2013.
300 _a89 p. :
_bil., retrs. ;
_c23 cm.
500 _aIncluye referencias bibliográficas y notas al pie de las páginas
590 _aInventariado, 20235/VM
651 4 _aEcuador
_xPolítica y gobierno.
700 1 _aNúñez Polanco, Diómedes
_d1952-
_eprólogo
710 2 _aBiblioteca Nacional Pedro Henríquez Ureña (República dominicana)
910 _aVMateo V. Control de calidad. BPMSU
942 _2ddc
_cBK
999 _c14904
_d14904